South Eastern Kenya University

Library Online Public Access Catalogue


Lie still : (Record no. 11205)

MARC details
000 -LEADER
fixed length control field 00907cam a2200277 a 4500
001 - CONTROL NUMBER
control field 13022310
003 - CONTROL NUMBER IDENTIFIER
control field OSt
005 - DATE AND TIME OF LATEST TRANSACTION
control field 20160220105658.0
008 - FIXED-LENGTH DATA ELEMENTS--GENERAL INFORMATION
fixed length control field 021206s2003 nyu 000 1 eng
010 ## - LIBRARY OF CONGRESS CONTROL NUMBER
LC control number 2002044899
020 ## - INTERNATIONAL STANDARD BOOK NUMBER
International Standard Book Number 0060505540
040 ## - CATALOGING SOURCE
Original cataloging agency SEKU
050 00 - LIBRARY OF CONGRESS CALL NUMBER
Classification number PS 3606 .A74
Item number L5 2003
100 1# - MAIN ENTRY--PERSONAL NAME
Personal name Farris, David,
Dates associated with a name 1954-
245 10 - TITLE STATEMENT
Title Lie still :
Remainder of title a novel of suspense /
Statement of responsibility, etc. David Farris.
250 ## - EDITION STATEMENT
Edition statement 1st ed.
260 ## - PUBLICATION, DISTRIBUTION, ETC. (IMPRINT)
Place of publication, distribution, etc. New York :
Name of publisher, distributor, etc. Morrow,
Date of publication, distribution, etc. c2003.
300 ## - PHYSICAL DESCRIPTION
Extent 372 p. ;
Dimensions 24 cm.
650 #0 - SUBJECT ADDED ENTRY--TOPICAL TERM
Topical term or geographic name as entry element Emergency physicians
Form subdivision Fiction.
650 #0 - SUBJECT ADDED ENTRY--TOPICAL TERM
Topical term or geographic name as entry element Hospital patients
Form subdivision Fiction.
655 #7 - INDEX TERM--GENRE/FORM
Genre/form data or focus term Suspense fiction.
Source of term gsafd
655 #7 - INDEX TERM--GENRE/FORM
Genre/form data or focus term Medical novels.
Source of term gsafd
856 42 - ELECTRONIC LOCATION AND ACCESS
Materials specified Publisher description
Uniform Resource Identifier <a href="http://www.loc.gov/catdir/description/hc042/2002044899.html">http://www.loc.gov/catdir/description/hc042/2002044899.html</a>
856 42 - ELECTRONIC LOCATION AND ACCESS
Materials specified Contributor biographical information
Uniform Resource Identifier <a href="http://www.loc.gov/catdir/enhancements/fy1308/2002044899-b.html">http://www.loc.gov/catdir/enhancements/fy1308/2002044899-b.html</a>
942 ## - ADDED ENTRY ELEMENTS (KOHA)
Source of classification or shelving scheme Library of Congress Classification
Koha item type General circulation
Holdings
Withdrawn status Lost status Source of classification or shelving scheme Damaged status Not for loan Home library Current library Shelving location Date acquired Source of acquisition Total Checkouts Full call number Barcode Date last seen Price effective from Koha item type Public note
    Library of Congress Classification     Wote Campus Library Wote Campus Library General Stacks 20/02/2016 Donation-books for Africa   [WTE] PS 3606 .A74 L5 2003 2016/013635 20/02/2016 20/02/2016 General circulation A.K.
Kitui, Kenya.
+254736116989
library@seku.ac.ke